Normal view
MARC view
Entry Personal Name
001 - CONTROL NUMBER
- control field: 878043
003 - CONTROL NUMBER IDENTIFIER
- control field:
005 - DATE AND TIME OF LATEST TRANSACTION
- control field: 20210627090531.0
008 - FIXED-LENGTH DATA ELEMENTS
- fixed length control field: 210627|| aca||aabn | a|a d
040 ## - CATALOGING SOURCE
- Original cataloging agency:
- Transcribing agency:
100 ## - HEADING--PERSONAL NAME
- Personal name: Palmer, Herbert E.
- Fuller form of name: (Herbert Edward),
- Dates associated with a name: b. 1880
670 ## - SOURCE DATA FOUND
- Source citation: Work cat.: ()757689: Palmer, Herbert E. (Herbert Edward), b. 1880, Post-Victorian poetry /, 1938
